000
00325 a2200145 4500
001
157242
020
_a
9788596029810
040
_c
Escola São Tomás de Aquino
100
_a
FLORES, Guilherme Gontijo
240
1
0
_a
A mancha
_l
por
245
1
0
_a
A mancha
362
0
_a
2020
697
_a
*LITERATURA INFANTIL
942
_c
BK
999
_c
157242
_d
157242